Guess the Taylor Swift song with no hint 106 - Statistics

General Stats
  • This quiz has been taken 1,290 times
    1,266 since last reset
  • The average score is 226 of 373
Answer Stats
Answer % Correct
I
100%
a
97%
You
97%
you
97%
the
95%
The
95%
it
90%
me
89%
to
89%
When
86%
when
86%
your
86%
go
85%
he
85%
is
85%
and
84%
And
84%
in
84%
on
82%
my
81%
it's
80%
who
80%
time
79%
So
77%
that
75%
That
75%
Then
75%
then
75%
of
73%
she
73%
for
70%
know
70%
like
70%
was
70%
not
69%
Not
69%
what
68%
at
67%
all
65%
But
63%
why
60%
up
59%
just
58%
one
58%
I've
55%
his
54%
how
54%
from
52%
Now
51%
thing
51%
will
51%
out
50%
got
48%
right
47%
back
46%
he's
46%
He's
46%
yours
46%
Look
45%
their
45%
She's
43%
come
41%
old
41%
only
40%
soul
39%
friends
38%
nothing
38%
run
38%
Sometimes
38%
cold
37%
left
37%
ask
36%
gets
36%
Or
36%
same
36%
brave
35%
dinner
35%
body
34%
familiar
34%
giving
34%
little
34%
dreams
33%
gave
33%
sister
33%
break
32%
other
32%
strong
32%
ache
31%
find
31%
son
31%
stay
31%
words
31%
again
30%
each
30%
walking
30%
whispers
29%
years
29%
behind
28%
boss
28%
moment
28%
past
28%
15
27%
caught
27%
chatter
27%
glass
27%
hearts
27%
job
27%
knees
27%
spot
27%
tab
27%
tears
27%
til'
27%
twin
27%
breaks
26%
fact
26%
frozen
26%
insisting
26%
snaps
26%
wondered
26%
worse
26%
Begging
25%
bones
25%
crook
25%
kids
25%
million
25%
prove
25%
sits
25%
20
24%
palace
24%
seemed
24%
throne
24%
bled
23%
keeping
22%
trying
22%
greed
20%
Praying
19%
No matching quizzes found
Score Distribution
Percent of People with Each Score
Percentile by Number Answered
Your Score History
You have not taken this quiz since the last reset